000 00957nam a2200289 i 4500
003 DO-SdBNP
005 20260309113005.0
006 a||||dr|||| 00| 0
007 ta
008 260409t1970 dr adc|| |||| 00| 0 spa d
020 _a844999
040 _aDO-SdBNP
_bspa
_cBNPHU
_erda
041 _aspa
082 4 _axxx
_bR436q
_222
100 1 _aRestrepo Merino, Fabio
_eautor
_985385
245 1 0 _aQuímica básica 6 :
_bsexto de educación media /
_cFabio Restrepo Merino, Jairo Restrepo Merino, Leonel Vargas Herrera
264 4 _aSanto Domingo :
_bSusaeta Ediciones,
_c1970
300 _a469 páginas :
_bilustraciones, gráficas, retratos ;
_c22 cm.
336 _2rdacontent
_atexto
_btxt
337 _2rdamedia
_asin mediación
_bn
338 _2rdacarrier
_avolumen
_bnc
590 _aInventariado 2026/DG
700 1 _aRestrepo Merino, Jairo
_eautor
_985386
700 1 _aVargas Herrera, Leonel
_eautor
_988973
910 _aDG
942 _2ddc
_cLBS1
999 _c60467
_d60467